Nízka sociálna mobilita znamená plytvanie talentmi

Dobré základné vzdelanie ako dôležitý faktor pre budúce úspechy a uplatnenie. Chudobným škola nepomáha. Znevýhodnenie detí z chudobných rodín na celý život. Ako pomôcť deťom z chudobnejších rodín. Predškolský a školský stupeň vzdelávania. Podfinancované školstvo a s tým súvisiace problémy.

Enregistré dans:
Détails bibliographiques
Auteur principal: Záborský, Ján
Format: Chapitre de livre
Langue:slovaque
Sujets:
Tags: Ajouter un tag
Pas de tags, Soyez le premier à ajouter un tag!

MARC

LEADER 00000naa a2200000 4500
001 0230486
005 20221104112707.3
041 0 |a slo 
044 |a SK 
245 1 0 |a Nízka sociálna mobilita znamená plytvanie talentmi  |c Ján Záborský 
520 |a Dobré základné vzdelanie ako dôležitý faktor pre budúce úspechy a uplatnenie. Chudobným škola nepomáha. Znevýhodnenie detí z chudobných rodín na celý život. Ako pomôcť deťom z chudobnejších rodín. Predškolský a školský stupeň vzdelávania. Podfinancované školstvo a s tým súvisiace problémy. 
610 2 0 |a vzdelávanie 
610 2 0 |a školy základné 
610 2 0 |a školy stredné 
610 2 0 |a školy súkromné 
610 2 0 |a školy štátne 
610 2 0 |a sponzorovanie 
610 2 0 |a chudoba 
610 2 0 |a chudobní 
610 2 0 |a financie 
100 1 |a Záborský, Ján